The Marshall Plan and its meaning

Đã lưu trong:
書目詳細資料
主要作者: Harry Bayard Price
格式: 圖書
語言:Undetermined
出版: New York Cornell University Press 1955
主題:
標簽: 添加標簽
沒有標簽, 成為第一個標記此記錄!
Thư viện lưu trữ: Trung tâm Học liệu Trường Đại học Cần Thơ
LEADER 00516nam a2200181Ia 4500
001 CTU_92161
008 210402s9999 xx 000 0 und d
082 |a 338.91 
082 |b P945 
100 |a Harry Bayard Price 
245 4 |a The Marshall Plan and its meaning 
245 0 |c Harry Bayard Price 
260 |a New York 
260 |b Cornell University Press 
260 |c 1955 
650 |a economic assistance, american,marshall plan 
904 |i Truc 
980 |a Trung tâm Học liệu Trường Đại học Cần Thơ